Państwa Unii Europejskiej - Statystyki

Ogólne statystyki
  • Ten quiz został rozwiązany 361 razy
  • Średni wynik to 23 z 27
Statystyki odpowiedzi
kraje UE % Poprawnych
Polska
99%
Niemcy
97%
Francja
94%
Hiszpania
94%
Czechy
91%
Słowacja
91%
Łotwa
90%
Portugalia
90%
Litwa
89%
Włochy
89%
Estonia
88%
Belgia
87%
Słowenia
87%
Holandia
86%
Szwecja
86%
Dania
85%
Chorwacja
84%
Austria
83%
Grecja
83%
Finlandia
82%
Węgry
79%
Luksemburg
76%
Rumunia
76%
Bułgaria
75%
Irlandia
75%
Malta
62%
Cypr
61%
Nie znaleziono quizów pasujących do podanych kryteriów
Rozkład punktacji
Procent ludzi z każdym wynikiem
Percentyl według liczby udzielonych odpowiedzi
Twoja historia wyników
Nie rozwiązałeś tego quizu